1532 1044 1413 1369 1697 1851 1199 1354 1009 1359 1576 1397 1436 1615 1807 1458 1732 1228 1719 1888 1812 1588 1210 1978 1722 1015 1638 1016 1245 1162 1930 1391 1122 1806 1217 1257 1431 1039 1787 1862 1353 1805 1290 1065 1452 1588 1847 1043 1599 1811 1542 1845 1912 1615 1901 1207 1353 1245 1834 1178 1537 1668 1746 1353 1560 1160 1230 1074 1889 1842 1165 1043 1060 1161 1599 1179 1106 1520 1558 1196 1036 1219 1363 1409 1984 1040 1298 1667 1373 1252 1167 1108 1278 1125 1502 1953 1680 1806 1467 BCNSPRNW ULIB Ver.6.0+V

เปลี่ยนเป็นภาษาไทย

Change to English
 แสดงรายละเอียดบรรณานุกรม
  กลับหน้าหลัก

Brief Record : Get Marc (ISO 2709) : E-mail record : QR code < ปิดหน้าต่าง
LEADER : 00000nam 2200000uu 4500
001    13399112909
003     ULIB
008    110916s2553||||th 000 0 tha d
020    9786167346045
090    นว.^bร147ล 2553
100 0  รมย์ธีรา
245 00 เล่ห์ร้ายเกมรัก/^cรมย์ธีรา
250    พิมพ์ครั้งที่ 1
260    กรุงเทพฯ :^bAmethyst,^c2553
300    317 หน้า
945    ^p225^l0^i17059
995    กัณชพร
999     ^aใช้งานได้ทุกระบบ
รายการนี้ยังไม่มีแท็ก
คุณยังไม่ได้ล็อกอิน คุณสามารถมีกิจกรรมร่วมกับเว็บไซต์ได้ แต่ต้องล็อกอินก่อน ::
  ล็อกอิน

รายการสื่อสารสนเทศ

ลำดับที่ ประเภท เลขเรียก/บาร์โค้ด สถานที่ สถานะ
1. นวนิยาย
นวนิยาย
นว. ร147ล 2553  
  Barcode: 17059
ห้องสมุดวิทยาเขตสวรรค์ประชารักษ์
►นวนิยาย
บนชั้น
  ขอยืม

BibComment


ยังไม่เคยถูกคอมเมนท์

คอมเมนท์ทรัพยากรรายการนี้
  คอมเมนท์: เล่ห์ร้ายเกมรัก ร..


 Copyright 2026. Bcnsprnw @Library